000 00953nam a2200241 a 4500
001 000005015
005 20240305140450.0
008 090729s2006 dr 000 0 spa d
020 _a9993483591
040 _aDO-SdBNP
_bspa
_cBNPHU
082 _axxxx
_bC343p
100 1 _aQuirós, Constancio Bernaldo
_914452
245 1 0 _aPenalidad en el código negro de la isla española /
_cConstancio Bernaldo de Quirós ; prólogo Roberto Cassá y Bernaldo de Quirós ; editor Wilfredo Mora.
260 _aSanto Domingo,
_c2006.
490 1 _aPensamiento Crimonológico Dominicano
490 1 _aMaestros de la criminología dominicana
500 _aIncluye bibliografías (67-68)
700 1 _aCassá, Roberto,
_d1948-
_epról.
_910888
700 1 _aQuirós, Bernaldo de,
_epról.
_914453
700 1 _aMora, Wilfredo,
_d1965-
_eed.
_912701
830 0 _aPensamiento Crimonológico Dominicano
_914454
830 0 _aMaestros de la criminología dominicana
_914455
999 _c4821
_d4821